Enciclopedia CEAC de construcción (Registro nro. 132691)
[ vista simple ]
| 000 -LEADER | |
|---|---|
| fixed length control field | 00692cam a2200205 4500 |
| 005 - DATE AND TIME OF LATEST TRANSACTION | |
| control field | 20260529090424.0 |
| 008 - FIXED-LENGTH DATA ELEMENTS--GENERAL INFORMATION | |
| fixed length control field | 260529b sp |||||||| |||| 00| 0 spa d |
| 020 ## - INTERNATIONAL STANDARD BOOK NUMBER | |
| International Standard Book Number | 8432929190 (V. 19) |
| 050 04 - LIBRARY OF CONGRESS CALL NUMBER | |
| Classification number | TH9 |
| Item number | E53 1975 |
| 245 00 - TITLE STATEMENT | |
| Title | Enciclopedia CEAC de construcción |
| Statement of responsibility, etc | / Francisco Arquero,...{et al.] |
| 250 ## - EDITION STATEMENT | |
| Edition statement | 12a ed. |
| 260 ## - PUBLICATION, DISTRIBUTION, ETC. (IMPRINT) | |
| Place of publication, distribution, etc | Barcelona, España : |
| Name of publisher, distributor, etc | Ediciones CEAC, |
| Date of publication, distribution, etc | 1975 |
| 300 ## - PHYSICAL DESCRIPTION | |
| Extent | v. : |
| Other physical details | il. ; |
| Dimensions | 22 cm. |
| 490 0# - SERIES STATEMENT | |
| Series statement | Monografías CEAC sobre Construcción y Arquitectura |
| 500 ## - GENERAL NOTE | |
| General note | Incluye apéndice |
| 505 1# - FORMATTED CONTENTS NOTE | |
| Title | V. 19 Cálculo práctico del hormigón armado |
| Statement of responsibility | / Francisco Arquero |
| 650 #7 - SUBJECT ADDED ENTRY--TOPICAL TERM | |
| Source of heading or term | lemb |
| Topical term or geographic name as entry element | Construcción |
| 700 1# - ADDED ENTRY--PERSONAL NAME | |
| Personal name | Arquero, F. |
| Relator term | autor |
| 942 ## - ADDED ENTRY ELEMENTS (KOHA) | |
| Source of classification or shelving scheme | Biblioteca del Cogreso de los Estados Unidos |
| Koha item type | Libro |
| Estado de pérdida | Fuente de clasificación | Estado del daño | No para préstamo | Ubicación permanente | Ubicación actual | Apartado o colección | Fecha de adquisición | Edición | Enumeración de Serie / Cronológica | Área del conocimiento | Total Checkouts | Clasificación | Código de Barras | Date last seen | Número de copia | Costo por reposición | Tipo de recurso |
|---|---|---|---|---|---|---|---|---|---|---|---|---|---|---|---|---|---|
| Biblioteca del Cogreso de los Estados Unidos | Biblioteca de la Facultad de Ingeniería Civil | Biblioteca de la Facultad de Ingeniería Civil | General | 29/05/2026 | 12a ed. | V:19 | Ingeniería y Tecnología | TH9 E53 1975 | BIC000003504 | 29/05/2026 | 1 | 1.00 | Libro |